000 00828nam a2200217Ia 4500
001 4232
005 20260320154153.0
008 260306t2016||||xx |||||||||||||| ||spa||
041 _aESP
082 _a320.014
_bL49
100 _aLerma Kirchner, Alejandro E.
_eAUT
245 0 _aMarketing político
260 _c2016
300 _axii, 307 páginas :
_c24 cm.
650 _aGEN
654 _aCDE
856 _uhttps://itmsp.museknowledge.com/UCSP?url=https://www.ebooks7-24.com:443/?il=1981&pg=1
_zVersión digital
856 _uhttps://0u213tdc6-y-https-ebooks7--24-com.itmsp.museknowledge.com/biblioteca.aspx
_zVéase además: Base de datos Ebook7-24
856 _uhttps://0u20ftdc7-y-https-research-ebsco-com.itmsp.museknowledge.com/c/qxo6us/search
_zVéase además: Base de datos EBSCOhost
942 _cLIB
_dJUS
_fJUS
_2ddc
999 _c4232
_d4232